| 000 | 00570nam a2200133Ia 4500 | ||
|---|---|---|---|
| 008 | 171212s9999 xx 000 0 und d | ||
| 020 | _a9780833043221 | ||
| 100 | _aLarson, Eric V.;Eaton, Derek;Nichiporuk, Brian;Szayna, Thomas S. | ||
| 245 |
_cLarson, Eric V.;Eaton, Derek;Nichiporuk, Brian;Szayna, Thomas S. _aAssessing Irregular Warfare _bA Framework for Intelligence Analysis |
||
| 260 |
_bRAND Corporation _c2008 |
||
| 650 | _aMilitary intelligence -- United States; Asymmetric warfare | ||
| 650 | _aPolitical Science | ||
| 856 | _uwww.jstor.org/stable/10.7249/mg668a | ||
| 999 |
_c351754 _d351754 |
||